000 00487nam a2200181Ia 4500
005 20250508160132.0
008 008 250505s9999 xx 000 0 eng d
037 _aTextual
040 _aFEDL
_beng
_cFEDL
041 _aeng
_2eng
084 _a546.03, IND
_qFEDL
245 0 _aTechnical terms in hindi : Chemistry II
245 0 _cIndia,. Education (Ministry of...)
260 _c1958
300 _a75p.
942 _cTEXL
_h546.03, IND
999 _c1362067
_d1362067